000 00699nam a2200277Ia 4500
005 20260320195844.0
008 008 262003s9999 xx 000 0 hin d
020 _a9789390625079
037 _aEBOOK
040 _aCRL
040 _bhin
040 _cCRL
041 _2hin
041 _ahin
084 _qCRL
100 _aचंद्रमणि सिंह
_91133330
245 0 _aस्टीफेन हॉकिंग : अनन्त - यात्री
250 _a2nd
260 _bRajkamal
260 _c2022
300 _a184
856 _uhttps://ebook.indiaread.in/pdfs/9789390625079.pdf
942 _cEBOOK
999 _c1716861
_d1716861